| 000 | 00620nam a22001697a 4500 | ||
|---|---|---|---|
| 003 | SISC | ||
| 005 | 20170523150822.0 | ||
| 008 | 170523b xxu||||| |||| 00| 0 eng d | ||
| 020 | _a9789719905783 | ||
| 050 |
_aPN 1994 _b.G984 2014 |
||
| 100 | _aGutierrez-Ang, Jaime. | ||
| 245 |
_aIntroduction to film : _ban outcomes-based text manual in film aethetics, appreciation, theory and criticism for the Filipino student / _cJaime Gutierrez-Ang. |
||
| 260 |
_aManila : _bMindshapers Co., Inc., _c2014. |
||
| 300 |
_axvi, 242 pages ; _c24 cm. |
||
| 500 | _aIncludes appendix and bibliographical references. | ||
| 942 |
_2lcc _cBK |
||
| 999 |
_c335172 _d335172 |
||